<?xml version="1.0" encoding="UTF-8"?><?xml-stylesheet type="text/xsl" href="static/style.xsl"?><OAI-PMH xmlns="http://www.openarchives.org/OAI/2.0/" xmlns:xsi="http://www.w3.org/2001/XMLSchema-instance" xsi:schemaLocation="http://www.openarchives.org/OAI/2.0/ http://www.openarchives.org/OAI/2.0/OAI-PMH.xsd"><responseDate>2026-06-01T15:29:29Z</responseDate><request verb="GetRecord" identifier="oai:riuma.uma.es:10630/36269" metadataPrefix="marc">https://riuma.uma.es/rest/oai/request</request><GetRecord><record><header><identifier>oai:riuma.uma.es:10630/36269</identifier><datestamp>2026-02-03T11:30:12Z</datestamp><setSpec>com_10630_2254</setSpec><setSpec>col_10630_37953</setSpec></header><metadata><record xmlns="http://www.loc.gov/MARC21/slim" xmlns:dcterms="http://purl.org/dc/terms/" xmlns:doc="http://www.lyncode.com/xoai" xmlns:xsi="http://www.w3.org/2001/XMLSchema-instance" xsi:schemaLocation="http://www.loc.gov/MARC21/slim http://www.loc.gov/standards/marcxml/schema/MARC21slim.xsd">
   <leader>00925njm 22002777a 4500</leader>
   <datafield ind2=" " ind1=" " tag="042">
      <subfield code="a">dc</subfield>
   </datafield>
   <datafield ind2=" " ind1=" " tag="720">
      <subfield code="a">Nuevo-López, Abraham</subfield>
      <subfield code="e">author</subfield>
   </datafield>
   <datafield ind2=" " ind1=" " tag="720">
      <subfield code="a">Ventura Fernández, Jesús</subfield>
      <subfield code="e">author</subfield>
   </datafield>
   <datafield ind2=" " ind1=" " tag="720">
      <subfield code="a">Gavira Narváez, Antonio</subfield>
      <subfield code="e">author</subfield>
   </datafield>
   <datafield ind2=" " ind1=" " tag="720">
      <subfield code="a">Mérida-Rodríguez, Matías Francisco</subfield>
      <subfield code="e">author</subfield>
   </datafield>
   <datafield ind2=" " ind1=" " tag="260">
      <subfield code="c">2023</subfield>
   </datafield>
   <datafield ind2=" " ind1=" " tag="520">
      <subfield code="a">El presente artículo tiene como objetivo principal analizar el papel del Corredor Mediterráneo&#xd;
en relación con la cohesión territorial y el desarrollo de la red de infraestructuras en&#xd;
Andalucía, sobre todo las ferroviarias. Se lleva a cabo un balance acerca de los efectos&#xd;
de este Corredor sobre el territorio andaluz, así como de sus perspectivas de futuro, en&#xd;
particular lo concerniente a carencias y asignaturas pendientes en este campo. Desde el&#xd;
punto de vista metodológico se presenta un artículo crítico, de revisión, que tiene en cuenta&#xd;
tanto la literatura especializada más destacada como los planes y políticas públicas de&#xd;
transportes en el marco de la Unión Europea y su aplicación en la Comunidad Autónoma de&#xd;
Andalucía. Se concluye que el Corredor Mediterráneo puede tener resultados prometedores&#xd;
en aras a la cohesión territorial de Andalucía, pero para ello hay que resolver tres obstáculos&#xd;
principales: superar el modelo de la España radial; mejorar la convergencia interregional&#xd;
(tanto española como europea); y romper las inercias localistas, dentro de Andalucía, que&#xd;
presionan en contra de la tendencia cohesionadora que alimenta el Corredor Mediterráneo.</subfield>
   </datafield>
   <datafield ind1="8" ind2=" " tag="024">
      <subfield code="a">Nuevo López, A.; Ventura Fernández, J.; Navira Narváez, A.; Mérida Rodríguez, M.F. (2023): El corredor mediterráneo y la cohesión territorial de Andalucía. Balance y perspectivas. Lurralde : inves. espac. 46, p. 35-52. ISSN 0211-5891 ISSN 1697-3070 (e)</subfield>
   </datafield>
   <datafield ind1="8" ind2=" " tag="024">
      <subfield code="a">https://www.ingeba.org/lurralde/lurranet/lur46/Lurralde-46-2023_Nuevo_Ventura_Gavira_Merida.pdf</subfield>
   </datafield>
   <datafield ind1="8" ind2=" " tag="024">
      <subfield code="a">https://hdl.handle.net/10630/36269</subfield>
   </datafield>
   <datafield tag="653" ind2=" " ind1=" ">
      <subfield code="a">Infraestructuras del transporte - Mediterráneo (Región)</subfield>
   </datafield>
   <datafield tag="653" ind2=" " ind1=" ">
      <subfield code="a">Transportes ferroviarios - Andalucía</subfield>
   </datafield>
   <datafield ind2="0" ind1="0" tag="245">
      <subfield code="a">El corredor mediterráneo y la cohesión territorial de Andalucía. Balance y perspectivas</subfield>
   </datafield>
</record>
</metadata></record></GetRecord></OAI-PMH>